| 000 | 00692nam a22002057a 4500 | ||
|---|---|---|---|
| 003 | OSt | ||
| 005 | 20240813002424.0 | ||
| 008 | 240813b |||||||| |||| 00| 0 eng d | ||
| 040 |
_aCO-UdeC _besp _cCO-UdeC _dCO-UdeC |
||
| 082 |
_a863 _bN322 |
||
| 100 |
_aNavarro Lince, Humberto _92686 _d1931- |
||
| 245 |
_aJuego de espejos / _cHumberto Navarro Lince. |
||
| 260 |
_aMedellín : _bInstituto para el desarrollo de Antioquia -IDEA-, _c1987. |
||
| 300 |
_a256 p. ; _c23 cm. |
||
| 490 |
_aAutores antioqueños ; _v34. |
||
| 500 | _a(El autor de esta novela desciende del hombre). | ||
| 650 | 0 |
_aAutores colombianos _92422 |
|
| 650 | 0 |
_aLiteratura colombiana _9269 |
|
| 942 |
_2ddc _cBK _h863 N322 _n0 |
||
| 999 |
_c1882 _d1882 |
||